Pracovné právo 3 súbor platných predpisov

Salvato in:
Dettagli Bibliografici
Natura: Libro
Lingua:slovacco
Pubblicazione: Bratislava IURA EDITION [2000]
Soggetti:
Tags: Aggiungi Tag
Nessun Tag, puoi essere il primo ad aggiungerne!!

MARC

LEADER 00000nam a2200000 4500
001 c117555
005 20221108083445.9
041 0 |a slo 
044 |a SK 
245 1 0 |a Pracovné právo 3  |b súbor platných predpisov 
264 1 |a Bratislava  |b IURA EDITION  |c [2000] 
610 2 0 |a právo pracovné 
610 2 0 |a legislatíva 
610 2 0 |a predpisy právne 
610 2 0 |a Slovensko